أمراض التخاطب لدى المسنين : (رقم التسجيلة. 247854)

تفاصيل مارك
000 -الفاتح
عناصر البيانات ثابتة الطول 01060nam a22002657i 4500
005 - تاريخ ووقت آخر معاملة
حقل ضبط 20260127080343.0
008 - عناصر البيانات ثابتة الطول
عناصر البيانات ثابتة الطول 250906s |||||||gr|||| 00| 0 ara d
020 ## - الترقيم الدولي المعياري للكتب (ردمك)
الترقيم الدولي المعياري للكتب (ردمك) 9789923702390
040 ## - مصدر الفهرسة
هيئة الفهرسة الأصلية JO-AmGAM
قواعد الوصف rda
082 14 - رقم تصنيف ديوي العشري
رقم التصنيف 618.97
رقم المادة س ي د
100 1# - مدخل رئيسي – اسم شخصي
الاسم الشخصي سيد، وليد فاروق حسن
علاقة الشخص بالعمل/ دوره مؤلف.
245 10 - بيان العنوان
العنوان أمراض التخاطب لدى المسنين :
بقية العنوان التشخيص والعلاج /
بيان المسؤولية تأليف دكتور وليد فاروق حسن سيد.
250 ## - بيان الطبعة
بيان الطبعة الطبعة الاولى.
264 31 - بيانات النشر، التوزيع…إلخ
مكان النشر، التوزيع...إلخ عمان :
اسم الناشر، الموزع...إلخ دار شهرزاد للنشر والتوزيع،
تاريخ النشر، التوزيع...إلخ 2021.
300 ## - الوصف المادي
عدد الوحدات المكونة للوعاء 470 صفحة.
336 ## - نوع المحتوى
المصدر rdacontent
مصطلح نوع المحتوى نص
كود نوع المحتوى txt
337 ## - نوع الوسيط
المصدر rdamedia
مصطلح نوع الوسيط دون وسيط عرض
كود نوع الوسيط n
338 ## - نوع الحامل
المصدر rdacarrier
مصطلح نوع الحامل مجلد
كود نوع الحامل nc
490 1# - بيان السلسلة
عنوان السلسلة سلسلة الوليد في علوم ذوي الاحتياجات الخاصة.
650 17 - مدخل إضافي بالموضوع - مصطلح موضوعي
مصطلح موضوعي أو اسم جغرافي كعنصر مدخل المسنون.
650 17 - مدخل إضافي بالموضوع - مصطلح موضوعي
مصطلح موضوعي أو اسم جغرافي كعنصر مدخل الشيخوخة.
830 #0 - مدخل إضافي بالسلسلة-عنوان مقنن
عنوان السلسسلة سلسلة الوليد في علوم ذوي الاحتياجات الخاصة.
942 ## - بيانات إضافية (كوها)
نوع التنصيف Dewey Decimal Classification
نوع المادة (كوها) كتب
المقتنيات
حالة السحب حالة الفقدان مصدر التصنيف حالة التلف غير قابل للإعارة المكتبة الرئيسية المكتبة الحالية موقع الرف تاريخ التزويد مصدر التزويد العملة التكلفة، سعر الشراء العادي الرقم المتسلسل Total Checkouts رقم الإستدعاء الباركود تاريخ آخر ظهور التكلفة وسعر الاستبدال تاريخ الفاتورة نوع المادة (كوها)
    Dewey Decimal Classification     المكتبة المركزية المكتبة المركزية الإعارة 22/01/2026 83 JOD 5.85 1800051   618.97 / س ي د PLD00929883 22/01/2026 9.00 22/01/2026 كتب
    Dewey Decimal Classification     مكتبة الاميرة بديعة مكتبة الاميرة بديعة الإعارة 22/01/2026 83 JOD 5.85 1800052   618.97 / س ي د PLD00929884 22/01/2026 9.00 22/01/2026 كتب
Implemented & Customized by: BBB with SCIT (Smart Chains for Information Technology)

Powered by Koha